000 00659nam a2200217Ia 4500
003 GCL
008 140319s9999 xx 000 0 ara d
040 _aGCL /
_cGCL
082 0 4 _a245
_bم خ
100 1 _aمحمد طلبة زايد
245 1 0 _aخطيئة المذاهب /
_cمحمد طلبة زايد
260 _a[S.N] :
_bدار النصر ،
_c1985
300 _a240 ص
490 _aالدين الخالص
_v0
650 0 4 _aتاريخ
650 0 4 _aالاسلام
650 0 4 _aالفرق الاسلامية
650 0 4 _aالاسلام والاصلاح الدينى
650 0 4 _aعصر التأخر والانحطاط
942 _2ddc
_cBK
999 _c31198
_d31198